Formel 1: Weltmeister Länder längstens ohne Titel - Statistiken

Allgemein
  • Dieses Quiz wurde 99 mal gespielt
  • Das Durchschnittsergebnis liegt bei 12 aus 15
Antwortstatistiken
letzter WM-Titel Jahre Land % Korrekt
1953 72 Italien
96%
2016 9 Deutschland
91%
2007 18 Finnland
91%
2024 1 Niederlande
91%
2025 0 Vereinigtes Königreich
91%
2006 19 Spanien
90%
1957 68 Argentinien
86%
1991 34 Brasilien
86%
1993 32 Frankreich
86%
1997 28 Kanada
81%
1984 41 Österreich
81%
1980 45 Australien
71%
1978 47 USA
71%
1967 58 Neuseeland
65%
1979 46 Südafrika
46%
Keine übereinstimmenden Quizze gefunden
Verteilung der Resultate
Anzahl Personen mit jedem Resultat
Perzentil nach korrekt beantworteten Fragen
Ihre Resultats-Entwicklung
Sie haben dieses Quiz noch nicht gespielt